Serious violations of human rights : (Record no. 1603)

MARC details
000 -LEADER
fixed length control field 02953cam a2200397 i 4500
001 - CONTROL NUMBER
control field data
005 - DATE AND TIME OF LATEST TRANSACTION
control field 20260322212108.0
008 - FIXED-LENGTH DATA ELEMENTS--GENERAL INFORMATION
fixed length control field data
035 ## - SYSTEM CONTROL NUMBER
System control number 22369316
010 ## - LIBRARY OF CONGRESS CONTROL NUMBER
LC control number 2022930025
020 ## - INTERNATIONAL STANDARD BOOK NUMBER
International Standard Book Number 9780192863041
Qualifying information (hardcover)
020 ## - INTERNATIONAL STANDARD BOOK NUMBER
International Standard Book Number 0192863045
Qualifying information (hardcover)
020 ## - INTERNATIONAL STANDARD BOOK NUMBER
Canceled/invalid ISBN 9780192677655
Qualifying information (electronic bk.)
020 ## - INTERNATIONAL STANDARD BOOK NUMBER
Canceled/invalid ISBN 0192677659
Qualifying information (electronic bk.)
035 ## - SYSTEM CONTROL NUMBER
System control number (OCoLC)1292591164
040 ## - CATALOGING SOURCE
Original cataloging agency YDX
Language of cataloging eng
Transcribing agency YDX
Description conventions rda
Modifying agency DLC
-- OCLCF
-- QGJ
-- DLC
042 ## - AUTHENTICATION CODE
Authentication code lccopycat
050 00 - LIBRARY OF CONGRESS CALL NUMBER
Classification number K3240
Item number .S53 2022
082 04 - DEWEY DECIMAL CLASSIFICATION NUMBER
Classification number 341.48
Edition information 23
100 1# - MAIN ENTRY--PERSONAL NAME
Personal name Siatitsa, Ilia,
Relator term author.
245 10 - TITLE STATEMENT
Title Serious violations of human rights :
Remainder of title on the emergence of a new special regime /
Statement of responsibility, etc. Ilia Siatitsa.
250 ## - EDITION STATEMENT
Edition statement First edition.
264 #1 - PRODUCTION, PUBLICATION, DISTRIBUTION, MANUFACTURE, AND COPYRIGHT NOTICE
Place of production, publication, distribution, manufacture Oxford :
Name of producer, publisher, distributor, manufacturer Oxford University Press,
Date of production, publication, distribution, manufacture, or copyright notice 2022.
300 ## - PHYSICAL DESCRIPTION
Extent xlviii, 240 pages :
Other physical details illustrations ;
Dimensions 24 cm
336 ## - CONTENT TYPE
Content type term text
Content type code txt
Source rdacontent
336 ## - CONTENT TYPE
Content type term still image
Content type code sti
Source rdacontent
337 ## - MEDIA TYPE
Media type term unmediated
Media type code n
Source rdamedia
338 ## - CARRIER TYPE
Carrier type term volume
Carrier type code nc
Source rdacarrier
504 ## - BIBLIOGRAPHY, ETC. NOTE
Bibliography, etc. note Includes bibliographical references (pages 213-229) and index.
520 ## - SUMMARY, ETC.
Summary, etc. "This book analyses the use of the expression 'serious violations of human rights', and similar ones, such as 'gross' or 'grave', in international practice. It highlights some of the recurring responses and consequences to such violations and suggests that a new special regime - eponymous to the above-mentioned expression - was formed. This special regime is understood as substantively limited to a very specific issue-area of human rights violations. Within this regime, a series of monitoring mechanisms and procedures are in place to highlight, document, and record such violations; specific measures are taken to enforce compliance; and certain consequences arise focused on remedying the victims of such violations. As such, this special regime is comprised of at least four thinly interconnected components: the substantive, the monitoring, the enforcement, and the remedial ones. This monograph constitutes a first step towards the recognition of such a regime, allowing far more constructive and coherent elaboration in the future. Practice around this category of violations may well evolve in a different direction than the one suggested here. However, what becomes apparent from this work is that the serious violations of human rights are a key notion in the international legal order as it allows the international community to depict those factual situations requiring its attention and action."--
Assigning source Provided by publisher.
650 #0 - SUBJECT ADDED ENTRY--TOPICAL TERM
Topical term or geographic name entry element Human rights.
650 #7 - SUBJECT ADDED ENTRY--TOPICAL TERM
Topical term or geographic name entry element Human rights.
Source of heading or term fast
Authority record control number or standard number (OCoLC)fst00963285
906 ## - LOCAL DATA ELEMENT F, LDF (RLIN)
a 7
b cbc
c copycat
d 2
e ncip
f 20
g y-gencatlg
925 0# -
-- acquire
-- 1 shelf copy
-- policy default
Holdings
Withdrawn status Lost status Damaged status Not for loan Home library Current library Shelving location Date acquired Total checkouts Full call number Barcode Date last seen Price effective from Koha item type
        Liberty Liberty General stacks 22/03/2026   341.48 LOC-LPL-00066 22/03/2026 22/03/2026 Books